| 000 -LEADER |
| fixed length control field |
02440cam a2200301 i 4500 |
| 003 - CONTROL NUMBER IDENTIFIER |
| control field |
OSt |
| 005 - DATE AND TIME OF LATEST TRANSACTION |
| control field |
20231116145920.0 |
| 008 - FIXED-LENGTH DATA ELEMENTS--GENERAL INFORMATION |
| fixed length control field |
190705s2020 nyua b 001 0 eng |
| 010 ## - LIBRARY OF CONGRESS CONTROL NUMBER |
| LC control number |
2019027779 |
| 020 ## - INTERNATIONAL STANDARD BOOK NUMBER |
| International Standard Book Number |
9780367190781 |
| 040 ## - CATALOGING SOURCE |
| Original cataloging agency |
BMSCA |
| 041 ## - LANGUAGE CODE |
| Language code of text/sound track or separate title |
eng. |
| 082 00 - DEWEY DECIMAL CLASSIFICATION NUMBER |
| Classification number |
333.338 |
| Item number |
DOL |
| 100 1# - MAIN ENTRY--PERSONAL NAME |
| Personal name |
Doloi, Hemanta Kumar, |
| Relator term |
author. |
| 245 10 - TITLE STATEMENT |
| Title |
Affordable housing for smart villages / |
| Statement of responsibility, etc |
Hemanta Doloi and Sally Donovan. |
| 300 ## - PHYSICAL DESCRIPTION |
| Extent |
xiii, 181 pages : |
| Other physical details |
illustrations ; |
| Dimensions |
24 cm |
| 504 ## - BIBLIOGRAPHY, ETC. NOTE |
| Bibliography, etc |
Includes bibliographical references and index. |
| 505 0# - FORMATTED CONTENTS NOTE |
| Formatted contents note |
Housing in rural settings -- The nature-culture determinants of rural housing -- Affordable houses -- Housing affordability -- Materials and resources in construction of affordable houses -- Global practices in rural development -- Vulnerability in rural community -- Resilience in rural community -- Sustained growth and development. |
| 520 ## - SUMMARY, ETC. |
| Summary, etc |
"This book initiates a fresh discussion of affordability in rural housing set in the context of the rapidly shifting balance between rural and urban populations. It conceptualises affordability in rural housing along a spectrum that is interlaced with cultural and social values integral to rural livelihoods at both personal and community level. Developed around four intersecting themes: explaining houses and housing in rural settings; exploring affordability in the context of aspirations and vulnerability; rural development agendas involving housing and communities; and construction for resilience in rural communities, the book provides an overview of some of the little understood and sometimes counter-intuitive best practices on rural affordability and affordable housing that have emerged in developing economies over the last thirty years. Drawing on practice-based evidence this book presents innovative ideas for harnessing rural potential, and empowering rural communities with added affordability and progressive development in the context of housing and improved living standards"-- |
| 650 #0 - SUBJECT ADDED ENTRY--TOPICAL TERM |
| Topical term or geographic name as entry element |
Smart cities. |
| 650 #0 - SUBJECT ADDED ENTRY--TOPICAL TERM |
| Topical term or geographic name as entry element |
Dwellings |
| General subdivision |
Design and construction |
| -- |
Cost effectiveness. |
| 650 #0 - SUBJECT ADDED ENTRY--TOPICAL TERM |
| Topical term or geographic name as entry element |
Housing |
| General subdivision |
Planning. |
| 650 #0 - SUBJECT ADDED ENTRY--TOPICAL TERM |
| Topical term or geographic name as entry element |
Community development. |
| 650 #0 - SUBJECT ADDED ENTRY--TOPICAL TERM |
| Topical term or geographic name as entry element |
Rural development. |
| 700 1# - ADDED ENTRY--PERSONAL NAME |
| Personal name |
Donovan, Sally, |
| Dates associated with a name |
1953- |
| Relator term |
author. |
| 776 08 - ADDITIONAL PHYSICAL FORM ENTRY |
| Display text |
Online version: |
| Main entry heading |
Doloi, Hemanta, |
| Title |
Affordable housing for smart villages |
| Place, publisher, and date of publication |
New York : Routledge, 2020. |
| International Standard Book Number |
9780429200250 |
| Record control number |
(DLC) 2019027780 |
| 942 ## - ADDED ENTRY ELEMENTS (KOHA) |
| Source of classification or shelving scheme |
|